Culture Générale - Série 299 - Statistiques

Statistiques générales
  • Ce quiz a été pris 234 fois
  • Le résultat moyen est 7 sur 10
Statistiques - réponses
Question Réponse % Correct
Quel était le surnom de Pépin, le père de Charlemagne ? Le Bref
96%
En métropole, quelle saison du calendrier est la plus courte ? L'hiver
93%
Quel psychanalyste est le premier à établir la notion "d'acte manqué" ? Sigmund Freud
90%
En grammaire, de quel groupe le verbe entreprendre fait-il partie ? 3ème groupe
88%
De quel groupe Jim Morrison était-il le chanteur ? The Doors
73%
Quel nom de famille porte Lucrèce dans une pièce de Victor Hugo ? Borgia
61%
Que mesure-t-on en kelvins ? La température
51%
Avec quel comédien Yvan Le Bolloc'h a-t-il animé "Télé Zèbre" ? Bruno Solo
49%
Qui chante "Cream" en 1991 ? Prince
30%
Quel établissement est dirigé par Catherine Deneuve dans "Le Dernier Métro" ? Un théâtre
26%
Aucun quiz correspondant
Distribution des résultats
% des personnes avec chaque résultat
Percentile par nombre de réponses
Votre historique - résultats
Vous n’avez pas pris ce quiz